| 000 | 00588nam a22001695i 4500 | ||
|---|---|---|---|
| 001 | 68461 | ||
| 003 | ES-MaACL | ||
| 005 | 20230906170306.0 | ||
| 007 | t| | ||
| 008 | 960805s1879 sp ||||1| spa d | ||
| 040 |
_aCAM _bspa _cCAM |
||
| 100 | 1 |
_aGarcía Romero de Tejada, Julio. _955222 |
|
| 245 | 1 | 3 |
_aLa psicología y su relación con la ontología _b: nuevos conceptos con su aplicación práctica / _cpor Julio García romero de Tejada. |
| 260 |
_aMadrid : _b[s.n.], _c1879 ( _fimprenta y estereotipia de El Imparcial) |
||
| 300 |
_a24 p. ; _c20 cm. |
||
| 852 |
_aES-MaACL _jT-307-F-3 |
||
| 999 |
_c68461 _d68461 |
||